Music Quiz

Random Music or Rock Quiz

Follow That Lyric ('90s Songs) Quiz Stats

 Plays Quiz Updated Aug 12, 2019

Score 0/26 Timer 07:00
2 Plays Today
% Correct
Make it last forever, friendship never ends.
87.6%
You other brothers can't deny.
78.6%
Take me to the place I love, Take me all the way.
75.2%
Backbeat, the word is on the street that the fire in your heart is out.
65.8%
And would she have your baby?
61%
I really feel that I'm losing my best friend.
59.8%
Got to find the reason why my money's all gone.
58.3%
My jaw left hurting.
54%
I've been careless with a delicate man.
48.7%
And don't it make you sad to know that life is more than who you are.
43%
You might as well be walkin' on the sun.
40.8%
I love you to the point you can no longer take.
39%
Couldn't love you more, you've got a beautiful taste.
38.7%
% Correct
You get me closer to God.
37.9%
Don't do it, don't do it.
37.6%
And you point your finger but there's no one around.
37.3%
You gotta keep 'em separated.
37.3%
Radio plays what they want you to hear.
36.6%
I'ma set it straight, this Watergate.
35.8%
What do I have to do?
34.1%
They were doing it in Texas.
33.8%
She takes a swing but, she can't hit!
32%
They say jump, you say how high.
29.5%
How on Earth did I get so jaded? Life's mysteries seem so faded.
28.9%
She's beautiful.
28.8%
I will twist the knife and bleed my aching heart...and tear it apart.
28.4%

You're not logged in!

Compare scores with friends on all Sporcle quizzes.
OR
Log In

Show Comments

Extras

Top Quizzes Today


Score Distribution

Your Account Isn't Verified!

In order to create a playlist on Sporcle, you need to verify the email address you used during registration. Go to your Sporcle Settings to finish the process.

Report this User

Report this user for behavior that violates our Community Guidelines.

Details: